[Event "FIDE Open World Blitz 2021"]
[Site "Warsaw"]
[Date "2021.12.29"]
[Round "4.25"]
[White "Maghsoodloo, Parham"]
[Black "Volokitin, Andrei"]
[Result "1-0"]
[WhiteElo "2706"]
[BlackElo "2656"]
[Annotator "ChessBase"]
[PlyCount "67"]
[EventDate "2021.12.29"]
[EventType "swiss"]
[EventCountry "POL"]
[Tiebreak "Cut1 Buchholz"]
[SourceTitle "playchess.com"]
[Source "ChessBase"]
[SourceQuality "1"]

1. d4 Nf6 2. c4 e6 3. Nc3 Bb4 4. e3 O-O 5. Bd2 b6 6. Nf3 Bb7 7. Rc1 c5 8. dxc5
Bxc5 9. a3 d5 10. Qc2 Nc6 11. Na4 Be7 12. cxd5 exd5 13. Bd3 Rc8 14. Qb1 d4 15.
O-O Qd5 16. e4 Qh5 17. b4 Ng4 18. Bf4 Nce5 19. Nxd4 Bg5 20. Bxe5 Rxc1 21. Rxc1
Nxe5 22. Be2 Qh4 23. g3 Qxe4 24. Qxe4 Bxe4 25. f4 Bh6 26. Rc7 Rd8 27. Nc3 Bd3
28. Bxd3 Nxd3 29. Nc6 Re8 30. Rxa7 g5 31. Nd5 Re1+ 32. Kg2 gxf4 33. Nce7+ Kf8
34. Nf5 1-0

[Event "FIDE Open World Blitz 2021"]
[Site "Warsaw"]
[Date "2021.12.29"]
[Round "4.25"]
[White "Jakubowski, Krzysztof"]
[Black "Sargissian, Gabriel"]
[Result "1/2-1/2"]
[WhiteElo "2373"]
[BlackElo "2664"]
[Annotator "ChessBase"]
[PlyCount "115"]
[EventDate "2021.12.29"]
[EventType "swiss"]
[EventCountry "POL"]
[Tiebreak "Cut1 Buchholz"]
[SourceTitle "playchess.com"]
[Source "ChessBase"]
[SourceQuality "1"]

1. e4 e5 2. Nf3 Nc6 3. Bc4 Nf6 4. d3 Bc5 5. O-O d6 6. c3 a5 7. Re1 Ba7 8. h3 h6
9. Na3 O-O 10. Nc2 Re8 11. Be3 Be6 12. Bxe6 Rxe6 13. Bxa7 Rxa7 14. Ne3 Ra8 15.
a4 Qd7 16. Qb3 b6 17. Rad1 Rd8 18. Nd5 Nh7 19. d4 exd4 20. cxd4 Ne7 21. Nxe7+
Rxe7 22. d5 Rde8 23. Qc4 Nf6 24. Nd2 Qd8 25. Re3 Nd7 26. Nf3 Nc5 27. Rde1 Qd7
28. b3 c6 29. dxc6 Qxc6 30. Nd4 Qd7 31. Nf5 Re5 32. Qd4 R8e6 33. Rg3 Rg6 34.
Ree3 Qe6 35. Rxg6 fxg6 36. Nxd6 Nxb3 37. Rxb3 Qxb3 38. Qxe5 Qxa4 39. Qe6+ Kh7
40. e5 Qa1+ 41. Kh2 Qd4 42. f3 Qf4+ 43. Kg1 Qe3+ 44. Kf1 a4 45. Ne4 a3 46. Qe7
Qd3+ 47. Kg1 g5 48. Qf7 Qd4+ 49. Kh1 Qa1+ 50. Kh2 Qxe5+ 51. g3 Qb2+ 52. Kh1 a2
53. Qf5+ Kh8 54. Qf8+ Kh7 55. Qf5+ Kg8 56. Qe6+ Kh7 57. Qf5+ Kh8 58. Qf8+
1/2-1/2

[Event "FIDE Open World Blitz 2021"]
[Site "Warsaw"]
[Date "2021.12.29"]
[Round "4.26"]
[White "Gareyev, Timur"]
[Black "Gelfand, Boris"]
[Result "1/2-1/2"]
[WhiteElo "2583"]
[BlackElo "2674"]
[Annotator "ChessBase"]
[PlyCount "57"]
[EventDate "2021.12.29"]
[EventType "swiss"]
[EventCountry "POL"]
[Tiebreak "Cut1 Buchholz"]
[SourceTitle "playchess.com"]
[Source "ChessBase"]
[SourceQuality "1"]

1. d4 Nf6 2. c4 e6 3. Nc3 Bb4 4. Qc2 O-O 5. a3 Bxc3+ 6. Qxc3 d5 7. e3 b6 8. Nf3
Bb7 9. b4 c5 10. bxc5 bxc5 11. Rb1 Ne4 12. Qc2 Ba6 13. Bd3 Qa5+ 14. Nd2 cxd4
15. O-O Nd7 16. Nxe4 dxe4 17. Bxe4 Rac8 18. Bxh7+ Kh8 19. Bd3 Ne5 20. Bd2 Qc7
21. exd4 Nxd3 22. Qxd3 Qxc4 23. Qh3+ Kg8 24. Bb4 Rfd8 25. Bc5 e5 26. Rfc1 Qd3
27. Qxd3 Bxd3 28. Rb3 Rxd4 29. Rbc3 1/2-1/2

[Event "FIDE Open World Blitz 2021"]
[Site "Warsaw"]
[Date "2021.12.29"]
[Round "4.26"]
[White "Gumularz, Szymon"]
[Black "Petrosyan, Manuel"]
[Result "1/2-1/2"]
[WhiteElo "2396"]
[BlackElo "2599"]
[Annotator "ChessBase"]
[PlyCount "212"]
[EventDate "2021.12.29"]
[EventType "swiss"]
[EventCountry "POL"]
[Tiebreak "Cut1 Buchholz"]
[SourceTitle "playchess.com"]
[Source "ChessBase"]
[SourceQuality "1"]

1. e4 e5 2. Nf3 Nc6 3. d4 exd4 4. Nxd4 Nf6 5. Nxc6 bxc6 6. e5 Qe7 7. Qe2 Nd5 8.
h4 Qe6 9. Nd2 a5 10. c4 Nb4 11. Nf3 Qg6 12. Kd1 c5 13. h5 Qb6 14. Bd2 Bb7 15.
Bc3 O-O-O 16. a3 Nc6 17. Kc2 d5 18. cxd5 Rxd5 19. Rd1 Nd4+ 20. Nxd4 cxd4 21.
Qg4+ Kb8 22. Rxd4 Bc5 23. Rxd5 Bxd5 24. Bc4 Bxc4 25. Qxc4 Bxf2 26. Rd1 Qe6 27.
Qxe6 fxe6 28. Rd7 g6 29. hxg6 hxg6 30. Rg7 Rh6 31. Bxa5 c5 32. Bd2 Rh2 33. Rxg6
Bd4 34. b3 Kb7 35. Kd3 Kc6 36. Rxe6+ Kd5 37. Rg6 Bxe5 38. Rg5 Ke6 39. Bc3 Bd6
40. Kc4 Rh4+ 41. g4 Be7 42. Rg6+ Kf7 43. Rg7+ Kf8 44. a4 Rh3 45. Rg6 Kf7 46.
Rc6 Rh4 47. a5 Rxg4+ 48. Kb5 Rg3 49. Kc4 Rg4+ 50. Kd5 Rg3 51. Be5 Rxb3 52. Rc7
Ra3 53. Bd6 Rxa5 54. Rxe7+ Kf6 55. Rc7 c4+ 56. Kxc4 Ke6 57. Bb4 Ra1 58. Re7+
Kf5 59. Re2 Rf1 60. Kd5 Rd1+ 61. Kc4 Rf1 62. Bc5 Rc1+ 63. Kd5 Rd1+ 64. Bd4 Rf1
65. Re8 Kg4 66. Ke4 Rf4+ 67. Kd5 Rf5+ 68. Be5 Rg5 69. Ke4 Rg6 70. Ra8 Rg5 71.
Ra1 Rg6 72. Rg1+ Kh5 73. Rh1+ Kg4 74. Rh7 Rg5 75. Rh6 Rg8 76. Rh7 Rg6 77. Rh1
Kg5 78. Bf4+ Kg4 79. Rg1+ Kh5 80. Ra1 Kg4 81. Rg1+ Kh5 82. Rh1+ Kg4 83. Rh2
Re6+ 84. Be5 Rg6 85. Rf2 Kg5 86. Rf4 Rg8 87. Rf5+ Kg4 88. Rf2 Rg6 89. Rg2+ Kh5
90. Rh2+ Kg4 91. Rh1 Kg5 92. Bf4+ Kg4 93. Ke5 Kf3 94. Kf5 Ra6 95. Rh3+ Ke2 96.
Re3+ Kf2 97. Rb3 Ke2 98. Be5 Rc6 99. Rb2+ Kd3 100. Rb3+ Kc4 101. Rc3+ Kd5 102.
Rd3+ Kc4 103. Rd4+ Kc5 104. Ke4 Kb5 105. Kd5 Rc5+ 106. Ke4 Rc4 1/2-1/2

[Event "FIDE Open World Blitz 2021"]
[Site "Warsaw"]
[Date "2021.12.29"]
[Round "4.27"]
[White "Howell, David W L"]
[Black "Jumabayev, Rinat"]
[Result "0-1"]
[WhiteElo "2648"]
[BlackElo "2658"]
[Annotator "ChessBase"]
[PlyCount "94"]
[EventDate "2021.12.29"]
[EventType "swiss"]
[EventCountry "POL"]
[Tiebreak "Cut1 Buchholz"]
[SourceTitle "playchess.com"]
[Source "ChessBase"]
[SourceQuality "1"]

1. Nf3 d5 2. g3 c6 3. Bg2 g6 4. O-O Bg7 5. c4 e5 6. d3 Ne7 7. Nc3 O-O 8. Qc2 h6
9. Rb1 Be6 10. b3 Re8 11. Bb2 a6 12. Rfd1 Nd7 13. e3 Rc8 14. Ne2 c5 15. cxd5
Nxd5 16. a3 b5 17. Nc3 N5b6 18. Rbc1 Qe7 19. Nd2 Nf6 20. Nce4 Nxe4 21. Nxe4 Nd7
22. Bc3 f5 23. Nd2 Nb6 24. Qb2 Bf7 25. Qa1 Qd6 26. Bb2 Red8 27. Bf1 g5 28. Be2
g4 29. a4 h5 30. axb5 axb5 31. Qa5 Be8 32. d4 exd4 33. exd4 cxd4 34. Rxc8 Rxc8
35. Bxb5 Ra8 36. Bc4+ Kh7 37. Ba6 Nd5 38. Nc4 Qe6 39. Re1 Qxa6 40. Qxd5 Qc6 41.
Qxf5+ Bg6 42. Qg5 Qf3 43. Re7 Rf8 44. Qe5 Rf7 45. Rxf7 Bxf7 46. Qe1 Bd5 47. Kf1
d3 0-1

[Event "FIDE Open World Blitz 2021"]
[Site "Warsaw"]
[Date "2021.12.29"]
[Round "4.27"]
[White "Halkias, Stelios"]
[Black "Nasuta, Grzegorz"]
[Result "1-0"]
[WhiteElo "2575"]
[BlackElo "2377"]
[Annotator "ChessBase"]
[PlyCount "71"]
[EventDate "2021.12.29"]
[EventType "swiss"]
[EventCountry "POL"]
[Tiebreak "Cut1 Buchholz"]
[SourceTitle "playchess.com"]
[Source "ChessBase"]
[SourceQuality "1"]

1. Nf3 d5 2. d4 Nf6 3. c4 c6 4. Nc3 dxc4 5. e4 b5 6. Be2 e6 7. O-O a6 8. e5 Nd5
9. Ng5 Be7 10. Nce4 h6 11. Nf3 Nd7 12. Bd2 Bb7 13. a4 O-O 14. b3 c3 15. Nxc3
Nxc3 16. Bxc3 b4 17. Bb2 c5 18. Rc1 Rc8 19. Re1 cxd4 20. Nxd4 Rxc1 21. Qxc1
Nxe5 22. Nxe6 fxe6 23. Bxe5 Qd5 24. Bf1 Bc5 25. Bg3 Bd4 26. Qd1 a5 27. h3 Rf6
28. Qg4 Bc3 29. Rd1 Qxb3 30. Rd8+ Kf7 31. Qh5+ g6 32. Qc5 Kg7 33. Qc7+ Rf7 34.
Be5+ Bxe5 35. Qxe5+ Rf6 36. Rd7+ 1-0

[Event "FIDE Open World Blitz 2021"]
[Site "Warsaw"]
[Date "2021.12.29"]
[Round "4.28"]
[White "Dvirnyy, Danyyil"]
[Black "Zvjaginsev, Vadim"]
[Result "1/2-1/2"]
[WhiteElo "2493"]
[BlackElo "2609"]
[Annotator "ChessBase"]
[PlyCount "198"]
[EventDate "2021.12.29"]
[EventType "swiss"]
[EventCountry "POL"]
[Tiebreak "Cut1 Buchholz"]
[SourceTitle "playchess.com"]
[Source "ChessBase"]
[SourceQuality "1"]

1. Nf3 g6 2. g3 Bg7 3. Bg2 e5 4. d3 d6 5. O-O f5 6. c4 Nf6 7. Nc3 O-O 8. Rb1 a5
9. a3 h6 10. b4 axb4 11. axb4 Be6 12. Nd2 c6 13. b5 d5 14. bxc6 bxc6 15. cxd5
cxd5 16. Nb3 Nbd7 17. Bd2 Kh7 18. Qc2 Rc8 19. Qb2 Rb8 20. Qa3 Re8 21. Na5 Ra8
22. Nb5 Ra6 23. Rfc1 Bf8 24. Qa1 Bc5 25. Rxc5 Nxc5 26. Qxe5 Ncd7 27. Qc3 Qb6
28. Qc1 Rb8 29. Na3 Qc5 30. Rxb8 Qxc1+ 31. Bxc1 Nxb8 32. Bd2 Nc6 33. Nxc6 Rxc6
34. Bf3 g5 35. h3 Kg6 36. Nb5 Rc2 37. Be3 Bd7 38. Nd4 Rb2 39. Kf1 g4 40. hxg4
fxg4 41. Bh1 h5 42. Kg1 Bc8 43. f3 gxf3 44. Bxf3 Bg4 45. Kf2 Bxf3 46. Kxf3 Ng4
47. Bf4 Kf6 48. Nc6 Nh2+ 49. Kf2 Ng4+ 50. Kf3 Rb1 51. Kg2 Re1 52. Nd4 Rb1 53.
Nc6 Ke6 54. Nd4+ Kf6 55. Nc6 Rb6 56. Nd4 Rb4 57. Nc2 Ra4 58. Kf3 Ne5+ 59. Kf2
d4 60. Ne1 Kf5 61. Bxe5 Kxe5 62. Nf3+ Kd5 63. Nh4 Ra8 64. Ng6 Ra5 65. Kf3 Ke6
66. g4 hxg4+ 67. Kxg4 Kf6 68. Nf4 Re5 69. Kf3 Re3+ 70. Kf2 Kf5 71. Ng2 Rh3 72.
Ne1 Kf4 73. Nf3 Rh8 74. Nxd4 Rh2+ 75. Ke1 Ke3 76. Nc2+ Kf4 77. Kd2 Ke5 78. Ne3
Rh8 79. Nc4+ Kd4 80. e3+ Kc5 81. Kc3 Rh1 82. Na3 Ra1 83. Nc2 Rc1 84. e4 Rh1 85.
d4+ Kd6 86. Kd3 Rd1+ 87. Kc4 Rc1 88. Kc3 Ke6 89. Kd2 Rh1 90. Ne1 Kf6 91. Nf3
Ra1 92. Ke3 Ke6 93. Nd2 Ra3+ 94. Kf4 Rc3 95. Nf3 Rd3 96. Ng5+ Kd6 97. Nf3 Ke6
98. d5+ Rxd5 99. exd5+ Kxd5 1/2-1/2

[Event "FIDE Open World Blitz 2021"]
[Site "Warsaw"]
[Date "2021.12.29"]
[Round "4.28"]
[White "Gdanski, Jacek"]
[Black "Ponkratov, Pavel"]
[Result "0-1"]
[WhiteElo "2367"]
[BlackElo "2662"]
[Annotator "ChessBase"]
[PlyCount "100"]
[EventDate "2021.12.29"]
[EventType "swiss"]
[EventCountry "POL"]
[Tiebreak "Cut1 Buchholz"]
[SourceTitle "playchess.com"]
[Source "ChessBase"]
[SourceQuality "1"]

1. e4 e6 2. d4 d5 3. Nc3 Bb4 4. e5 c5 5. a3 Bxc3+ 6. bxc3 Nc6 7. Qg4 g6 8. Bd2
Bd7 9. Nf3 c4 10. Qf4 h6 11. h4 Qb6 12. Be2 Qb2 13. O-O Qxc2 14. Bd1 Qf5 15.
Qg3 g5 16. Rc1 Qg6 17. Nh2 O-O-O 18. h5 Qg7 19. f4 f6 20. Nf3 Nce7 21. exf6
Nxf6 22. Ne5 Ne4 23. Qe1 Nc6 24. Nxc6 Bxc6 25. fxg5 Nxg5 26. Bf4 Rhf8 27. Bg4
Bd7 28. Rb1 b6 29. Qe3 Ne4 30. Bh3 Rf6 31. Be5 Rxf1+ 32. Rxf1 Qh7 33. Bh2 Kb7
34. Qf4 Ka6 35. Qc7 Rg8 36. a4 Nxc3 37. a5 Nb5 38. Qe5 Qe4 39. Qxe4 dxe4 40.
axb6 axb6 41. d5 Re8 42. Rf7 Bc8 43. d6 Rd8 44. Be5 c3 45. Bxc3 Nxc3 46. Kf2
Rxd6 47. Ke3 b5 48. Rf6 b4 49. Rf8 Bb7 50. Bg4 b3 0-1

[Event "FIDE Open World Blitz 2021"]
[Site "Warsaw"]
[Date "2021.12.29"]
[Round "4.29"]
[White "Hovhannisyan, Robert"]
[Black "Van Foreest, Lucas"]
[Result "1/2-1/2"]
[WhiteElo "2622"]
[BlackElo "2532"]
[Annotator "ChessBase"]
[PlyCount "67"]
[EventDate "2021.12.29"]
[EventType "swiss"]
[EventCountry "POL"]
[Tiebreak "Cut1 Buchholz"]
[SourceTitle "playchess.com"]
[Source "ChessBase"]
[SourceQuality "1"]

1. e4 c5 2. Nf3 a6 3. c3 d5 4. exd5 Nf6 5. d4 cxd4 6. c4 e6 7. dxe6 Bxe6 8.
Nxd4 Nc6 9. Nxe6 fxe6 10. Be2 Qa5+ 11. Nc3 Bb4 12. O-O O-O 13. Bd2 Rad8 14. Qe1
Nd4 15. a3 Bd6 16. Bd1 Qf5 17. Be3 Bf4 18. Bxd4 Rxd4 19. Bf3 e5 20. g3 Bd2 21.
Qe2 e4 22. Bg2 Bxc3 23. bxc3 Rd3 24. Rfe1 Rxc3 25. Qb2 Rxc4 26. Qb3 b5 27. Bf1
Nd5 28. Bxc4 Qxf2+ 29. Kh1 bxc4 30. Qxc4 Qf3+ 31. Kg1 Qf2+ 32. Kh1 Qf3+ 33. Kg1
Qf2+ 34. Kh1 1/2-1/2

[Event "FIDE Open World Blitz 2021"]
[Site "Warsaw"]
[Date "2021.12.29"]
[Round "4.29"]
[White "Bellahcene, Bilel"]
[Black "Kanarek, Marcel"]
[Result "1/2-1/2"]
[WhiteElo "2528"]
[BlackElo "2342"]
[Annotator "ChessBase"]
[PlyCount "108"]
[EventDate "2021.12.29"]
[EventType "swiss"]
[EventCountry "POL"]
[Tiebreak "Cut1 Buchholz"]
[SourceTitle "playchess.com"]
[Source "ChessBase"]
[SourceQuality "1"]

1. e4 c5 2. Nf3 e6 3. d4 cxd4 4. Nxd4 Nf6 5. Nc3 Nc6 6. a3 Qc7 7. Be2 Be7 8.
Be3 O-O 9. f4 d6 10. g4 Nxd4 11. Qxd4 e5 12. Qd2 exf4 13. Bxf4 Be6 14. O-O-O
Qa5 15. g5 Nd7 16. Kb1 Qc5 17. h4 Ne5 18. Nd5 Bxd5 19. Qxd5 Rfc8 20. Rd2 g6 21.
h5 Qxd5 22. Rxd5 Bf8 23. Bxe5 dxe5 24. Rd7 Rd8 25. Rxb7 Rdb8 26. Rxb8 Rxb8 27.
b4 a5 28. c3 axb4 29. axb4 Be7 30. Rg1 gxh5 31. Bxh5 Bxb4 32. Kc2 Bc5 33. Rf1
Rb7 34. Kd3 Rd7+ 35. Kc4 Be3 36. Rf5 Bf4 37. Kb5 Rb7+ 38. Kc6 Rb8 39. c4 Rc8+
40. Kb5 Rb8+ 41. Ka6 Rc8 42. Bxf7+ Kg7 43. Bd5 Rf8 44. c5 Rxf5 45. exf5 Bxg5
46. c6 Bd8 47. Kb7 Kf6 48. Be4 h5 49. Kc8 Ba5 50. Kd7 h4 51. c7 Bxc7 52. Kxc7
h3 53. Kd6 h2 54. Kd5 h1=Q 1/2-1/2

[Event "FIDE Open World Blitz 2021"]
[Site "Warsaw"]
[Date "2021.12.29"]
[Round "4.30"]
[White "Postny, Evgeny"]
[Black "Amin, Bassem"]
[Result "1/2-1/2"]
[WhiteElo "2557"]
[BlackElo "2617"]
[Annotator "ChessBase"]
[PlyCount "69"]
[EventDate "2021.12.29"]
[EventType "swiss"]
[EventCountry "POL"]
[Tiebreak "Cut1 Buchholz"]
[SourceTitle "playchess.com"]
[Source "ChessBase"]
[SourceQuality "1"]

1. d4 Nf6 2. c4 g6 3. Nc3 Bg7 4. e4 d6 5. Nf3 O-O 6. Be2 e5 7. d5 a5 8. h3 Na6
9. Bg5 h6 10. Be3 Nc5 11. Nd2 c6 12. b3 Bd7 13. O-O Qb8 14. a3 cxd5 15. cxd5 b5
16. b4 axb4 17. axb4 Na4 18. Qb3 Rc8 19. Rac1 Qb7 20. Na2 Ne8 21. Bd3 f5 22. f3
f4 23. Bf2 Bf6 24. Rxc8 Rxc8 25. Rc1 Rxc1+ 26. Nxc1 Bd8 27. Qc2 Bb6 28. Ndb3
Bxf2+ 29. Qxf2 g5 30. Na5 Qc7 31. Qc2 Qb6+ 32. Qf2 Qc7 33. Qc2 Qb6+ 34. Qf2 Qc7
35. Qc2 1/2-1/2

[Event "FIDE Open World Blitz 2021"]
[Site "Warsaw"]
[Date "2021.12.29"]
[Round "4.30"]
[White "Samunenkov, Ihor"]
[Black "Kolosowski, Mateusz"]
[Result "1-0"]
[WhiteElo "2348"]
[BlackElo "2444"]
[Annotator "NA"]
[PlyCount "155"]
[EventDate "2021.12.29"]
[EventType "swiss"]
[EventCountry "POL"]
[Tiebreak "Cut1 Buchholz"]
[SourceTitle "playchess.com"]
[Source "ChessBase"]
[SourceQuality "1"]

1. d4 Nf6 2. g3 d5 3. Nf3 g6 4. Bg2 c6 5. O-O Bg7 6. Nbd2 O-O 7. Re1 Bf5 8. c3
Qc8 9. Qb3 Nbd7 10. Nh4 Be6 11. Qc2 c5 12. dxc5 Nxc5 13. Ndf3 h6 14. Nd4 Bh3
15. Nhf3 Bxg2 16. Kxg2 Nfe4 17. Be3 e5 18. Nb3 Ne6 19. Rad1 Qc6 20. Qc1 g5 21.
Kg1 f5 22. Rf1 f4 23. Bd2 Rf7 24. c4 d4 25. Qc2 g4 26. Na5 Qc8 27. Qxe4 gxf3
28. exf3 Ng5 29. Qd5 Qh3 30. Nxb7 Kh8 31. Nd6 Rff8 32. Kh1 Rad8 33. c5 e4 34.
Rg1 Nxf3 35. Rg2 fxg3 36. Nf7+ Rxf7 37. Qxd8+ Kh7 38. Qd5 Rf8 39. Qxe4+ Kh8 40.
fxg3 Nxd2 41. Rdxd2 Rf1+ 42. Rg1 Rf8 43. Qg2 Qc8 44. b4 a5 45. a3 Qe6 46. c6
Qe3 47. Qe2 Qg5 48. b5 Qd5+ 49. Qg2 Qxb5 50. Rc1 Be5 51. c7 Qd7 52. Qc6 Qc8 53.
Qxh6+ Kg8 54. Qg5+ Bg7 55. Qd5+ Kh8 56. Qc6 Rf6 57. Qe4 Rf8 58. Kg1 d3 59. Qxd3
Qe6 60. Re2 Qb6+ 61. Kh1 Qb7+ 62. Qe4 Qc8 63. Qh4+ Kg8 64. Qc4+ Kh8 65. Qd5 Qg4
66. Qe4 Qd7 67. Kg2 Rc8 68. Qe6 Rxc7 69. Qxd7 Rxd7 70. Rcc2 Rd3 71. a4 Ra3 72.
Rc4 Bf8 73. Re8 Kg7 74. Rc7+ Kg8 75. Rcc8 Ra2+ 76. Kf3 Ra3+ 77. Kg4 Rxa4+ 78.
Kf5 1-0

[Event "FIDE Open World Blitz 2021"]
[Site "Warsaw"]
[Date "2021.12.29"]
[Round "4.31"]
[White "Movsesian, Sergei"]
[Black "Moroni, Luca Jr"]
[Result "1/2-1/2"]
[WhiteElo "2615"]
[BlackElo "2580"]
[Annotator "ChessBase"]
[PlyCount "183"]
[EventDate "2021.12.29"]
[EventType "swiss"]
[EventCountry "POL"]
[Tiebreak "Cut1 Buchholz"]
[SourceTitle "playchess.com"]
[Source "ChessBase"]
[SourceQuality "1"]

1. e4 g6 2. d4 Bg7 3. Nc3 a6 4. h4 h6 5. Be3 d6 6. Qd2 Nd7 7. a4 b6 8. Bc4 e6
9. Nge2 Bb7 10. f3 Ngf6 11. Ba2 Qe7 12. g4 d5 13. e5 Ng8 14. f4 h5 15. f5 gxf5
16. gxf5 Bh6 17. f6 Qb4 18. Bg5 O-O-O 19. O-O-O Bf8 20. Nf4 Kb8 21. Rh3 c5 22.
Nfe2 Nh6 23. Kb1 Nf5 24. dxc5 bxc5 25. Nc1 d4 26. N3e2 Qxd2 27. Rxd2 Nxe5 28.
Rd1 Bd6 29. Nd3 Nxd3 30. cxd3 Bg2 31. Rhh1 Bxh1 32. Rxh1 Ng3 33. Nxg3 Bxg3 34.
Bc4 Kb7 35. Rg1 Be5 36. Kc2 Rhg8 37. Re1 Bg3 38. Rb1 a5 39. Rf1 Kb6 40. Rf3 Bd6
41. Bb5 Rg6 42. Kb3 Bh2 43. Kc4 Bg1 44. Bf4 Be3 45. Be5 Rg2 46. Kb3 Rdg8 47.
Bd6 Bc1 48. Kc4 Rc2+ 49. Kb3 Rxb2+ 50. Kc4 Rgg2 51. Bxc5+ Kc7 52. Kxd4 Rg4+ 53.
Kc3 Rbg2 54. Be8 Bb2+ 55. Kb3 Bd4 56. Bxd4 Rxd4 57. Bxf7 Rb4+ 58. Kc3 Kd6 59.
Bxh5 Rb8 60. f7 Ke7 61. Rf4 Rh8 62. Bf3 Rg7 63. Re4 Rxf7 64. Bg4 Rh6 65. h5 Rf1
66. Kc4 Kd6 67. Rd4+ Kc7 68. Kb5 e5 69. Rc4+ Kb7 70. Kxa5 Rf4 71. Rxf4 exf4 72.
Kb5 Rd6 73. Kc4 Kb6 74. d4 Rc6+ 75. Kd3 Rf6 76. Ke4 Kc6 77. Bf3 Kd6 78. a5 Rf7
79. a6 Ra7 80. Be2 Re7+ 81. Kf3 Re3+ 82. Kf2 Kc7 83. Bf3 Kb6 84. h6 Re7 85. Be2
Rh7 86. Kf3 Rxh6 87. Kxf4 Re6 88. Bc4 Re8 89. Kf5 Re7 90. d5 Kc5 91. Bd3 Kxd5
92. Kf6 1/2-1/2

[Event "FIDE Open World Blitz 2021"]
[Site "Warsaw"]
[Date "2021.12.29"]
[Round "4.31"]
[White "Szpar, Milosz"]
[Black "Sadzikowski, Daniel"]
[Result "1-0"]
[WhiteElo "2285"]
[BlackElo "2415"]
[Annotator "NA"]
[PlyCount "99"]
[EventDate "2021.12.29"]
[EventType "swiss"]
[EventCountry "POL"]
[Tiebreak "Cut1 Buchholz"]
[SourceTitle "playchess.com"]
[Source "ChessBase"]
[SourceQuality "1"]

1. e4 c6 2. d4 d5 3. Nc3 dxe4 4. Nxe4 Bf5 5. Qf3 e6 6. c3 Nd7 7. Ne2 Ngf6 8.
N4g3 Bg6 9. Nf4 Bd6 10. Bc4 Nb6 11. Bb3 Nbd5 12. Nxg6 hxg6 13. Bg5 Be7 14. O-O
Qc7 15. c4 Nb6 16. Bf4 Qd7 17. Rfd1 O-O 18. h4 a5 19. a3 a4 20. Ba2 Rfd8 21.
Rac1 Rac8 22. Bb1 Qe8 23. h5 Nxh5 24. Nxh5 gxh5 25. Qxh5 g6 26. Qa5 Nd7 27.
Qxa4 Bf6 28. Qb3 b6 29. Rd3 Bg7 30. Re1 Qe7 31. Qd1 Qh4 32. Qd2 Nf6 33. Rh3 Qg4
34. f3 Qxh3 35. gxh3 Nh5 36. Be5 c5 37. Bxg7 Kxg7 38. d5 exd5 39. cxd5 Rd6 40.
Qc3+ Nf6 41. Ba2 b5 42. f4 c4 43. Re5 Rcd8 44. a4 Rxd5 45. Rxd5 Rxd5 46. axb5
Rxb5 47. Bxc4 Rf5 48. Qe3 Kg8 49. Bd3 Rd5 50. f5 1-0

[Event "FIDE Open World Blitz 2021"]
[Site "Warsaw"]
[Date "2021.12.29"]
[Round "4.32"]
[White "Gluszko, Tomasz"]
[Black "Heimann, Andreas"]
[Result "0-1"]
[WhiteElo "2086"]
[BlackElo "2584"]
[Annotator "ChessBase"]
[PlyCount "36"]
[EventDate "2021.12.29"]
[EventType "swiss"]
[EventCountry "POL"]
[Tiebreak "Cut1 Buchholz"]
[SourceTitle "playchess.com"]
[Source "ChessBase"]
[SourceQuality "1"]

1. d4 Nf6 2. Bg5 d5 3. Bxf6 exf6 4. g3 Bd6 5. Bg2 c6 6. e3 f5 7. Nd2 Be6 8. Ne2
Nd7 9. Rc1 Nf6 10. O-O h5 11. h4 Ne4 12. Nf4 g5 13. Nxe4 dxe4 14. Nxh5 gxh4 15.
Ng7+ Kf8 16. Nxe6+ fxe6 17. g4 h3 18. Bh1 Qh4 0-1

[Event "FIDE Open World Blitz 2021"]
[Site "Warsaw"]
[Date "2021.12.29"]
[Round "4.32"]
[White "Klimkowski, Jan"]
[Black "Indjic, Aleksandar"]
[Result "1-0"]
[WhiteElo "2015"]
[BlackElo "2603"]
[Annotator "ChessBase"]
[PlyCount "123"]
[EventDate "2021.12.29"]
[EventType "swiss"]
[EventCountry "POL"]
[Tiebreak "Cut1 Buchholz"]
[SourceTitle "playchess.com"]
[Source "ChessBase"]
[SourceQuality "1"]

1. e4 c5 2. Nf3 d6 3. d4 cxd4 4. Nxd4 Nf6 5. Nc3 e6 6. Bd3 Nc6 7. Nxc6 bxc6 8.
O-O Be7 9. Kh1 e5 10. f4 O-O 11. Qf3 exf4 12. Bxf4 Be6 13. e5 dxe5 14. Bxe5 Ng4
15. Bf4 Bd6 16. Rae1 Bxf4 17. Qxf4 Qb8 18. Rxe6 fxe6 19. Qxg4 Rxf1+ 20. Bxf1
Qxb2 21. Ne4 Rf8 22. Qxe6+ Kh8 23. Ng3 Qxc2 24. h3 Qg6 25. Qe5 Qf6 26. Qc5 Qf7
27. Kh2 Rd8 28. Bc4 Qc7 29. h4 Re8 30. h5 Qf4 31. Qxc6 Qh4+ 32. Kg1 Qd4+ 33.
Kh2 Rf8 34. Kh3 Qf4 35. Qd5 Rc8 36. Bb3 Rf8 37. Qe4 Qh6 38. Bc2 Rc8 39. Qf5 Rd8
40. Qg4 Rf8 41. Bb3 Qd6 42. Nf5 Qd3+ 43. Ng3 Qd6 44. Qe4 a5 45. Qe6 Qf4 46. Qd5
a4 47. Bc4 Qf6 48. Bd3 Qf4 49. Qc4 Qe3 50. Qd5 a3 51. Qe4 Qh6 52. Qe7 Qf4 53.
Qxa3 Rd8 54. Qe7 Rf8 55. Qe4 Qh6 56. a4 Rd8 57. a5 Rf8 58. a6 g6 59. Qe5+ Qg7
60. Qxg7+ Kxg7 61. Be4 Kf6 62. a7 1-0

[Event "FIDE Open World Blitz 2021"]
[Site "Warsaw"]
[Date "2021.12.29"]
[Round "4.33"]
[White "Rapport, Richard"]
[Black "Holm, Kristian Stuvik"]
[Result "1-0"]
[WhiteElo "2763"]
[BlackElo "2471"]
[Annotator "ChessBase"]
[PlyCount "45"]
[EventDate "2021.12.29"]
[EventType "swiss"]
[EventCountry "POL"]
[Tiebreak "Cut1 Buchholz"]
[SourceTitle "playchess.com"]
[Source "ChessBase"]
[SourceQuality "1"]

1. e4 c5 2. Nc3 Nc6 3. g3 g6 4. Bg2 Bg7 5. d3 Rb8 6. a4 d6 7. Nge2 a6 8. O-O b5
9. axb5 axb5 10. f4 b4 11. Nd5 e6 12. Ne3 Nge7 13. f5 gxf5 14. exf5 exf5 15.
Nf4 O-O 16. Nh5 Bh8 17. Kh1 Nd4 18. Ra7 Nec6 19. Nxf5 Nxf5 20. Bxc6 Qb6 21.
Qg4+ Bg7 22. Rxf5 Bxf5 23. Qxg7# 1-0

[Event "FIDE Open World Blitz 2021"]
[Site "Warsaw"]
[Date "2021.12.29"]
[Round "4.33"]
[White "Lubczynski, Rafal"]
[Black "Dragnev, Valentin"]
[Result "1-0"]
[WhiteElo "2361"]
[BlackElo "2396"]
[Annotator "NA"]
[PlyCount "71"]
[EventDate "2021.12.29"]
[EventType "swiss"]
[EventCountry "POL"]
[Tiebreak "Cut1 Buchholz"]
[SourceTitle "playchess.com"]
[Source "ChessBase"]
[SourceQuality "1"]

1. Nf3 Nf6 2. c4 c5 3. d4 cxd4 4. Nxd4 e6 5. g3 d5 6. Bg2 e5 7. Nf3 d4 8. O-O
Nc6 9. e3 Be7 10. exd4 exd4 11. Bf4 Be6 12. Nbd2 O-O 13. Ne5 Rc8 14. Nxc6 bxc6
15. Qa4 Qb6 16. Rab1 Nh5 17. Be5 f6 18. Bf3 fxe5 19. Bxh5 Qb4 20. Qc2 Bf5 21.
Ne4 Rcd8 22. Be2 c5 23. Bd3 Be6 24. Rbe1 a5 25. Nd2 Bd6 26. Bxh7+ Kh8 27. Bg6
Qb7 28. Qd1 Rf6 29. Qh5+ Kg8 30. Ne4 Rxg6 31. Qxg6 Bh3 32. f3 Bxf1 33. Nxd6 Qd7
34. Ne4 Rf8 35. Rxf1 Qe7 36. Ng5 1-0

[Event "FIDE Open World Blitz 2021"]
[Site "Warsaw"]
[Date "2021.12.29"]
[Round "4.34"]
[White "Sadhwani, Raunak"]
[Black "Wojtaszek, Radoslaw"]
[Result "1-0"]
[WhiteElo "2562"]
[BlackElo "2700"]
[Annotator "ChessBase"]
[PlyCount "71"]
[EventDate "2021.12.29"]
[EventType "swiss"]
[EventCountry "POL"]
[Tiebreak "Cut1 Buchholz"]
[SourceTitle "playchess.com"]
[Source "ChessBase"]
[SourceQuality "1"]

1. d4 Nf6 2. Nf3 d5 3. Bf4 g6 4. e3 Bg7 5. h3 O-O 6. Be2 c5 7. c3 b6 8. O-O Bb7
9. Nbd2 Nc6 10. Ne5 e6 11. a4 Nxe5 12. Bxe5 a5 13. Nf3 Bc6 14. Qb3 Re8 15. Rfd1
c4 16. Qc2 b5 17. axb5 Bxb5 18. Ra2 a4 19. Rda1 Qb6 20. Qc1 Ra7 21. Bd1 Rea8
22. Bc2 Ra5 23. Qd1 Qa7 24. Bd6 Ne4 25. Bb4 Ra6 26. Ra3 Be8 27. Bxe4 dxe4 28.
Nd2 Qc7 29. Nxe4 R6a7 30. Qe2 h6 31. Nd6 Bc6 32. Bc5 Ra6 33. e4 e5 34. Qxc4
exd4 35. cxd4 Be8 36. Nxe8 1-0